El Gobierno de Evo Morales: entre nacionalismo e indigenismo /
Enregistré dans:
| Auteur principal: | |
|---|---|
| Format: | Texte |
| Sujets: | |
| Tags: |
Ajouter un tag
Pas de tags, Soyez le premier à ajouter un tag!
|
MARC
| LEADER | 00000 a a2200000 04500 | ||
|---|---|---|---|
| 001 | 10834 | ||
| 003 | |||
| 040 | |||
| 100 | |a Mayorga, Fernando | ||
| 245 | |a El Gobierno de Evo Morales: |b entre nacionalismo e indigenismo / |c Fernando Mayorga | ||
| 650 | |a GOBIERNO | ||
| 650 | |a DESARROLLO POLITICO | ||
| 650 | |a ASPECTOS POLITICOS | ||
| 650 | |a BOLIVIA | ||
| 773 | |g número 206; páginas 4-13 | ||
| 999 | |c 28617 |d 28617 | ||
